000 00815nam a22002177a 4500
005 20170508144711.0
020 _c849.00
_a97881265485514
035 _aB-669752
037 _bAsian Book Centre/Ven
_adpl
037 _bDBAD/PUB
082 _a658.2
100 _aCapon, Noel
245 _aManaging marketing :
_cby Noel Capon [and] Siddharth Shekhar Singh
_ban applied approach /
260 _aNew Delhi
_bWiley India
_c2014
270 _a4435-36/7, Ansari Road, Daryaganj,
_bNew Delhi
_e110002
300 _avarious pagings :
_c28cm(pbk)
_bill.
500 _aIncludes index
700 _aSiddharth Shekhar Singh
942 _2ddc
_cEN
_h658.2
_mCAP
999 _c139590
_d139590